世界のビル高さランキング - Statistics

General Stats
  • This quiz has been taken 69 times
  • The average score is 2 of 10
Answer Stats
高さ 順位 答え % Correct
アラブ首長国連邦 838m 1位 ブルジュ・ハリファ
96%
台湾 509m 10位 台北101
53%
中国 632m 2位 上海タワー
37%
アメリカ 541m 6位 ワールドトレードセンター
30%
韓国 554m 5位 ロッテワールドタワー
21%
サウジアラビア 601m 3位 メッカ・ロイヤル・クロックタワー
4%
中国 600m 4位 平安国際金融中心
4%
中国 528m 9位 CITICタワー
2%
中国 530m 7位 広州CTF金融センター
2%
中国 530m 7位 天津CTF金融センター
2%
No matching quizzes found
Score Distribution
Percent of People with Each Score
Percentile by Number Answered
Your Score History
You have not taken this quiz